000 00440 a2200157 4500
999 _c320933
_d320933
001 85860
003 NUST
005 20180121120453.0
008 180121b xxu||||| |||| 00| 0 eng d
020 _a9788120326910
082 _a352.608 RIC
100 _aMitchell F. Rice
_99344
245 _aDiversity and Public Administration: Theory , Issues , and Perspectives
_hEnglish
250 _a1st
260 _aNew Delhi
_bPrentice Hall
_c2005
300 _aix 254 p.
500 _aGifted By AM Masood Akhtar
942 _acaenust
_cBK
_k352.608 RIC
_2ddc